Normal view MARC view
  • Dante Alighieri,

Entry Nombre Personal

Number of records used in: 2

001 - NUMERO DE CONTROL

  • campo de control: 28064

003 - IDENTIFICADOR DE NUMERO DE CONTROL

  • campo de control: MX-MxUPN

005 - FECHA Y HORA DE LA ÜLTIMA TRANSACCIÓN

  • campo de control: 20240528102033.0

008 - DATOS DE LONGITUD FIJA

  • campo de control de longitud fija: 240528n||acannaabn a aaa |d

035 ## - NUMERO DE CONTROL

  • Número de control: UPN11000000170

040 ## - FUENTE DE CATALOGACIÓN

  • Lenguaje de catalogación: spa
  • Agencia de transcripción: MX-MxUPN
  • Agencia original de catalogación: MX-MxUPN

046 ## - FECHAS CON CODIFICACIÓN ESPECIAL

  • Fecha de nacimiento: 1265
  • Fecha de muerte: 13210904

053 ## - NÚMERO DE CLASIFICACIÓN LC

  • Número de clasificación elemento-número único o número inicial de tramo: PQ4300
  • Número de clasificación número de tramo final del elemento: PQ4464

100 0# - ENCABEZAMIENTO - NOMBRE PERSONAL

  • Nombre personal: Dante Alighieri,
  • Fechas asociadas con el nombre: 1265-1321

370 ## - LUGAR ASOCIADO

  • Fuente del término: $naf
  • Place of birth: Florencia (Italia)
  • Place of death: Ravena (Italia)

372 ## - CAMPO DE ACTIVIDAD

  • Field of activity: Poesia

374 ## - OCUPACIÓN

  • Occupation: Poeta
  • Occupation: Autor

400 1# - VEÁSE - NOMBRE DE PERSONA

  • Personal name: Alighieri, Dante,
  • Dates associated with a name: 1265-1321

670 ## - FUENTE EN LA QUE SE LOCALIZARON DATOS

  • Cita de la fuente: T
  • Información localizada: Salvat universal

670 ## - FUENTE EN LA QUE SE LOCALIZARON DATOS

  • Cita de la fuente: Autoridades LC, 28 mayo 2024 :
  • Información localizada: (Dante Alighieri, 1265-1321)
  • Uniform Resource Identifier: https://lccn.loc.gov/n78095495

680 ## - NOTA PUBLICA DE ACCESO PÚBLICO

  • Frase explicativa de la referencia: Poeta italiano

902 ## - CATALOGADOR

  • Catalogador: DAA/310707